Introducción a la economía: enfoque estructuralista

Kaydedildi:
Detaylı Bibliyografya
Asıl Yazarlar: Barros de Castro, Antonio (Yazar), Lessa, Carlos Francisco (Yazar)
Materyal Türü: Kitap
Dil:İspanyolca
Baskı/Yayın Bilgisi: Ciudad de México Siglo Veintiuno 1970
Edisyon:3a. ed
Seri Bilgileri:Economía y Demografía
Konular:
Etiketler: Etiketle
Etiket eklenmemiş, İlk siz ekleyin!

MARC

LEADER 00000nam a2200000 a 4500
001 UCR8103
003 CL-VaPUC
008 980519e19700000MX |||||||||||||||||spa|d
082 0 4 |a 330.1  |b BAR  |2 21 
100 0 |a Barros de Castro, Antonio  |e author  |9 409786 
700 0 |a Lessa, Carlos Francisco  |e author  |9 409787 
245 1 0 |a Introducción a la economía: enfoque estructuralista 
250 |a 3a. ed 
300 |a 164 p 
942 |c BK 
945 |d 19980519 00:00:00  |a lriquelm 
260 |a Ciudad de México  |b Siglo Veintiuno  |c 1970 
650 0 |a Economía   |9 255568 
650 0 |a Teoría económica  |9 315055 
650 0 |a Comercio exterior  |9 257617 
650 0 |a Mercado  |9 321497 
650 0 |a Valor de mercado  |9 358018 
650 7 |a SISTEMAS ECONOMICOS  |2 CL-VaPUC  |9 409788 
650 0 |a Sector público  |9 349431 
650 0 |a Producción   |9 263680 
583 |a last modification  |c 19980519 00:00:00  |k Rodrigo Vera 
490 0 |a Economía y Demografía 
999 |c 269667  |d 269665 
952 |0 0  |1 0  |4 0  |6 330_100000000000000_BAR_1970  |7 0  |8 A  |9 303497  |a BIBENE  |b BIBENE  |d 2019-11-20  |i 1985396  |o 330.1 BAR 1970  |p 1985396  |r 2025-01-15  |w 2019-11-20  |y BK  |k ICO